000 00228 a2200097 4500
001 43294
100 _aRussell
245 _aIn praise of Idleness other essays
260 _aLondon
_bGeorge Allen unwin
_c
090 _c27134
_d27134
942 _aNUST-CAE
_cM
_c19041
999 _c278367
_d278367